British History A-Z - Statistics

General Stats
  • This quiz has been taken 27 times
  • The average score is 21 of 26
Answer Stats
Hint Answer % Correct
E Longest reigning British Monarch Elizabeth II
96%
G King who "went mad" after American Revolution George III
96%
H King who was famous for his many wives Henry VIII
96%
J Serial killer in London in 1888 Jack the Ripper
96%
M First queen to rule England Mary I
96%
Q Victoria was _____ of the UK from 1837-1901 Queen
96%
D The evacuation of _____ saved the British Army from capitulation in 1940 Dunkirk
92%
F Guy _____ was ring leader of the Gunpowder Plot Fawkes
92%
K The magna Carta restricted the powers of this figure King
92%
L City founded in 43 AD Londinium (London)
92%
S Mysterious structure located in Wiltshire Stonehenge
92%
U Great Britain became the _____ Kingdom in 1801 United
92%
N Naval commander who died at the Battle of Trafalgar in 1805 Nelson
88%
R African colony that declared independence in 1965 Rhodesia
88%
W Duke that defeated Napoleon at Waterloo Wellington
88%
B Surname of Henry VIII's 2nd wife Boleyn
85%
I This country under English occupation starved from 1845-1851 Ireland
85%
Z Battle of Rorke's Drift was against this African Kingdom Zulu
77%
T The _____ was a conflict in Northern Ireland from 1960s-1998 Troubles
73%
V The HMS _____ was a famous warship, still surviving today Victory
73%
Y England's largest county Yorkshire
73%
C Largest province in British Empire Canada
69%
A Major English victory that started English dominance in 100 Years' War Agincourt
50%
O Leader of the British Union of Facists Oswald Mosley
38%
X Scientific Dining club in Victorian London X Club
35%
P Victors of the English Civil War Parliamentarians
27%
No matching quizzes found
Score Distribution
Percent of People with Each Score
Percentile by Number Answered
Your Score History
You have not taken this quiz